50 ciudades por letra - A (II) - Estadísticas

Estadísticas generales
  • Esta prueba ha sido intentada 33 veces
  • La puntuación promedio es 18 de 50
Estadísticas de respuestas
Pista País Ciudad % Correcto
Albergó un faro y una biblioteca en la Antigüedad EGP Alejandría
93%
Canales, bicicletas, y marihuana PBA Ámsterdam
83%
Capital nacional ALG Argel
83%
Su nombre tiene una "B" menos que un célebre grupo sueco NIG Aba
76%
Alberga la última carrera de Fórmula 1 del año EAU Abu Dabi
69%
Capital pirenaica AND Andorra la Vieja
69%
Capital nacional GHA Acra
62%
Fundada un 15 de agosto PAR Asunción
62%
"Ciudad complutense", vecina a Madrid ESP Alcalá de Henares
59%
Antiguamente conocida como "Filadelfia" JRD Ammán
59%
Conocida por sus monumentales edificios de mármol TKM Asjabad
55%
Alberga el yacimiento arqueológico más importante de la península Ibérica ESP Atapuerca
55%
Ciudad más poblada de Córcega FRA Ajaccio
48%
Capital de la provincia de Hatay, o departamento colombiano TUR Antioquía
45%
Capital nacional SAM Apia
45%
Pueblo en Tenerife y en Piamonte, o modelo de SEAT ESP Arona
45%
Comparte nombre con un célebre equipo de fútbol neerlandés CND Ajax
41%
Antigua capital nacional KZJ Almaty
41%
Ciudad donde vive la mitad de la población de Alaska USA Anchorage
41%
Segunda ciudad más poblada del país PER Arequipa
41%
Ciudad más poblada de Jutlandia DIN Aarhus
38%
"Ciudad de Granito", en Escocia RUD Aberdeen
38%
Principal ciudad del país CMF Abiyán
38%
Capital de Australia Meridional AUS Adelaida
38%
Ciudad con una importante influencia italiana ERI Asmara
38%
Conocida como la "Venecia de Portugal" POR Aveiro
38%
Sede papal en el siglo XIV FRA Aviñón
38%
Su ocupación en 1879 dió inicio a la Guerra del Pacífico CHL Antofagasta
34%
Da nombre al golfo que separa Arabia del Cuerno de África YEM Adén
31%
Capital del Imperio Carolingio ALE Aquisgrán
28%
Situada en la costa este, es conocida por sus casinos USA Atlantic City
28%
Capital de la región de las Marcas ITA Ancona
24%
"Vieja" ciudad conocida por su arquitectura colonial GUA Antigua Guatemala
24%
Alberga la mayor presa del Nilo EGP Asuán
24%
Principal ciudad no costera del país EAU Al Ain
17%
Corazón del outback AUS Alice Springs
17%
Principal ciudad de la región histórica de Cilicia TUR Adana
14%
Capital judicial de Azores POR Angra do Heroísmo
14%
Bañada por el río Mureș, se sitúa cerca de la frontera con Hungría RUM Arad
14%
Situada cerca del Kilimanjaro, fue propuesta como capital de la Federación de África Oriental TNZ Arusha
14%
Capital de un antiguo imperio y sede de la Iglesia Etíope ETP Axum
14%
"Ciudad de las 33 iglesias" PER Ayacucho
14%
Ciudad donde el ejército de EEUU mató a Osama Bin Laden PAK Abbottabad
10%
Mayor ciudad islandesa fuera de la zona de Reikiavik ISL Akureyri
10%
Mayor ciudad en la Tracia griega GRE Alejandrópolis
10%
Situada en los Andes, próxima al Chimborazo ECU Ambato
10%
Capital de las islas Molucas INO Ambon
10%
Segunda ciudad más poblada de la provincia de Utrecht PBA Amersfoort
10%
Ciudad en Manchuria que alberga la piedra de jade más grande del mundo CHN Anshan
10%
Situada en el delta del río Ural KZJ Atyrau
10%
No se encontraron pruebas coincidentes
Distribución de puntuación
Porcentaje de gente con cada puntuación
Porcentaje por número respondido
Historial de tus puntuaciones
No has intentado esta prueba.